[Event "SVK-chT4 A21 1516"]
[Site "Slovakia"]
[Date "2016.01.10"]
[Round "6.5"]
[White "Slaba, Andrea"]
[Black "Bjel, Jan"]
[Result "1/2-1/2"]
[WhiteElo "1641"]
[BlackElo "1826"]
[PlyCount "57"]
[EventDate "2015.10.04"]
[EventType "team-tourn"]
[EventRounds "11"]
[EventCountry "SVK"]
[SourceTitle "CBM 170 Extra"]
[Source "ChessBase"]
[SourceDate "2016.02.25"]
[SourceVersion "1"]
[SourceVersionDate "2016.02.25"]
[SourceQuality "1"]
[WhiteTeam "Chtelnica Kamenar"]
[BlackTeam "Vrbove II"]
[WhiteTeamCountry "SVK"]
[BlackTeamCountry "SVK"]

1. Nf3 Nc6 2. d4 e6 3. c4 d5 4. Nc3 Nf6 5. e3 Be7 6. Bd3 0-0 7. 0-0 Nb4 8. Be2 c5 9. a3 Nc6 10. dxc5 Bxc5 11. b4 Bb6 12. Na4 Bc7 13. Bb2 dxc4 14. Bxc4 Qe7 15. Qb3 a6 16. Nc3 Ne5 17. Be2 Qd6 18. g3 Qe7 19. Na4 Ng6 20. Rac1 e5 21. Qc2 Bd8 22. Qc5 Qxc5 23. Nxc5 b6 24. Nb3 Be6 25. Bc4 Bh3 26. Rfe1 Re8 27. Bxf7+ Kxf7 28. Ng5+ Kg8 29. Nxh3 1/2-1/2

[Event "SVK-chT3A2 1516"]
[Site "Slovakia"]
[Date "2015.12.20"]
[Round "5.2"]
[White "Krupa, Miroslav"]
[Black "Bjel, Jan"]
[Result "1-0"]
[WhiteElo "1820"]
[BlackElo "1820"]
[PlyCount "59"]
[EventDate "2015.10.11"]
[EventType "team-tourn"]
[EventRounds "11"]
[EventCountry "SVK"]
[SourceTitle "EXT 2020"]
[Source "ChessBase"]
[SourceDate "2019.10.17"]
[SourceVersion "1"]
[SourceVersionDate "2019.10.17"]
[SourceQuality "1"]
[WhiteTeam "Senica CVC"]
[BlackTeam "Vrbove"]
[WhiteTeamCountry "SVK"]
[BlackTeamCountry "SVK"]

1. e4 c5 2. Nf3 Nc6 3. d4 cxd4 4. Nxd4 e6 5. Be3 Nf6 6. Nc3 Bb4 7. f3 Bxc3+ 8. bxc3 0-0 9. Be2 e5 10. Nf5 d5 11. Bc5 Re8 12. Nd6 Re6 13. exd5 Rxd6 14. Bxd6 Qxd6 15. dxc6 Qxc6 16. Qd8+ Ne8 17. 0-0 b6 18. Qd2 Be6 19. Rfd1 Rc8 20. a4 Nf6 21. Ba6 Rf8 22. Qe3 Qc7 23. Re1 Nd7 24. Bb5 f6 25. f4 Bf5 26. Bxd7 exf4 27. Be6+ Kh8 28. Qd2 Qc5+ 29. Qd4 Qxd4+ 30. cxd4 1-0

[Event "SVK-chT4A21 1415"]
[Site "Slovakia"]
[Date "2015.03.01"]
[Round "10.2"]
[White "Brunovsky, Peter"]
[Black "Bjel, Jan"]
[Result "1-0"]
[WhiteElo "1869"]
[BlackElo "1823"]
[PlyCount "89"]
[EventDate "2014.10.12"]
[EventType "team-tourn"]
[EventRounds "11"]
[EventCountry "SVK"]
[SourceTitle "EXT 2022"]
[Source "ChessBase"]
[SourceDate "2021.10.06"]
[SourceVersion "1"]
[SourceVersionDate "2021.10.06"]
[SourceQuality "1"]
[WhiteTeam "Gbely Nafta II"]
[BlackTeam "Vrbove II"]
[WhiteTeamCountry "SVK"]
[BlackTeamCountry "SVK"]

1. d4 Nf6 2. Bf4 d5 3. e3 e6 4. Bd3 Bd6 5. c3 0-0 6. Nf3 Bxf4 7. exf4 Nbd7 8. Nbd2 c5 9. Rc1 Re8 10. 0-0 c4 11. Bb1 b5 12. Ne5 h6 13. Ndf3 a5 14. g4 Ne4 15. Nxd7 Bxd7 16. Ne5 f6 17. Ng6 Nd6 18. Kh1 Nf7 19. Re1 Nh8 20. Qc2 f5 21. Ne5 Nf7 22. Re3 Nxe5 23. fxe5 g6 24. Rg1 Kh7 25. Rh3 Rg8 26. Qd2 Qf8 27. Rgg3 Re8 28. Rh4 g5 29. Rh5 Re7 30. gxf5 exf5 31. Rgxg5 Reg7 32. Rg3 Rxg3 33. hxg3 Rg6 34. Qf4 Kg7 35. Bxf5 Bxf5 36. Qxf5 Qe8 37. Rh4 b4 38. Rg4 Rxg4 39. Qxg4+ Kh7 40. e6 bxc3 41. bxc3 a4 42. Qf5+ Kg7 43. Qxd5 Kf6 44. Qe5+ Ke7 45. d5 1-0

[Event "SVK-chT3A2 1415"]
[Site "Slovakia"]
[Date "2015.01.11"]
[Round "6.4"]
[White "Bjel, Jan"]
[Black "Brunovsky, Peter"]
[Result "1/2-1/2"]
[WhiteElo "1823"]
[BlackElo "1869"]
[PlyCount "76"]
[EventDate "2014.10.19"]
[EventType "team-tourn"]
[EventRounds "11"]
[EventCountry "SVK"]
[SourceTitle "EXT 2019"]
[Source "ChessBase"]
[SourceDate "2018.10.10"]
[SourceVersion "1"]
[SourceVersionDate "2018.10.10"]
[SourceQuality "1"]

1. d4 Nf6 2. c4 c5 3. Nf3 g6 4. Nc3 Na6 5. Bg5 Bg7 6. e3 0-0 7. Be2 d6 8. 0-0 b6 9. Qd2 Nc7 10. a4 Bd7 11. d5 a6 12. e4 Ng4 13. h3 Ne5 14. Bh6 Nxf3+ 15. Bxf3 b5 16. Bxg7 Kxg7 17. b3 Rb8 18. Be2 Rb7 19. Rfb1 Qb8 20. axb5 axb5 21. b4 cxb4 22. Rxb4 bxc4 23. Rxb7 Qxb7 24. Qd4+ f6 25. Ra7 Qb8 26. Bxc4 Rc8 27. Ne2 Kf8 28. Ba6 Nxa6 29. Rxa6 Qb1+ 30. Kh2 Rb8 31. Ra7 Be8 32. Nf4 Bf7 33. Qe3 g5 34. Ne2 Qb3 35. Qxb3 Rxb3 36. Ra8+ Kg7 37. Ra2 Kf8 38. f3 Rb8 1/2-1/2

[Event "SVK-chT4A21 1415"]
[Site "Slovakia"]
[Date "2014.10.26"]
[Round "2.1"]
[White "Pericka, Tomas"]
[Black "Bjel, Jan"]
[Result "1-0"]
[WhiteElo "2010"]
[BlackElo "1823"]
[PlyCount "57"]
[EventDate "2014.10.12"]
[EventType "team-tourn"]
[EventRounds "11"]
[EventCountry "SVK"]
[SourceTitle "EXT 2022"]
[Source "ChessBase"]
[SourceDate "2021.10.06"]
[SourceVersion "1"]
[SourceVersionDate "2021.10.06"]
[SourceQuality "1"]
[WhiteTeam "Brezova"]
[BlackTeam "Vrbove II"]
[WhiteTeamCountry "SVK"]
[BlackTeamCountry "SVK"]

1. e4 c5 2. Nf3 Nc6 3. Bb5 e6 4. 0-0 Qc7 5. c3 Be7 6. d4 a6 7. Bd3 d6 8. Bf4 cxd4 9. cxd4 e5 10. Be3 Bg4 11. d5 Nb8 12. Nbd2 Nf6 13. Rc1 Qd8 14. Qb3 b5 15. a4 bxa4 16. Qxa4+ Nbd7 17. Bxa6 Bxf3 18. gxf3 0-0 19. Qc6 Qa5 20. Ra1 Qb4 21. Ra4 Qb8 22. b4 Bd8 23. Nc4 Be7 24. Rfa1 Qd8 25. b5 Ne8 26. Nb6 Nxb6 27. Bxb6 Qb8 28. Bb7 Rxa4 29. Rxa4 1-0

[Event "SVK-chT4A21 1213"]
[Site "Slovakia"]
[Date "2012.10.14"]
[Round "1.1"]
[White "Lanik, Miroslav"]
[Black "Bjel, Jan"]
[Result "1/2-1/2"]
[WhiteElo "1945"]
[BlackElo "1875"]
[PlyCount "41"]
[EventDate "2012.10.14"]
[EventType "team-tourn"]
[EventRounds "11"]
[EventCountry "SVK"]
[SourceTitle "EXT 2022"]
[Source "ChessBase"]
[SourceDate "2021.10.06"]
[SourceVersion "1"]
[SourceVersionDate "2021.10.06"]
[SourceQuality "1"]
[WhiteTeam "Senica Dragon"]
[BlackTeam "Vrbove"]
[WhiteTeamCountry "SVK"]
[BlackTeamCountry "SVK"]

1. e4 e5 2. Nf3 Nc6 3. Bb5 a6 4. Ba4 Bc5 5. 0-0 Nge7 6. Nxe5 Nxe5 7. d4 b5 8. Bb3 Bxd4 9. Qxd4 N7c6 10. Qc3 0-0 11. Bf4 Qe7 12. Nd2 d6 13. Bd5 Bd7 14. Bxe5 Qxe5 15. Qxe5 dxe5 16. c3 Rad8 17. Nf3 Rfe8 18. Rad1 Nb8 19. Ng5 Re7 20. Bb3 h6 21. Nf3 1/2-1/2

[Event "SVK-chT3A2 0607"]
[Site "Slovakia"]
[Date "2007.03.25"]
[Round "11"]
[White "Danada, Ondrej"]
[Black "Bjel, Jan"]
[Result "0-1"]
[WhiteElo "1602"]
[BlackElo "1350"]
[PlyCount "94"]
[EventDate "2006.10.08"]
[EventType "team-tourn"]
[EventRounds "11"]
[EventCountry "SVK"]
[SourceTitle "EXT 2008"]
[Source "ChessBase"]
[SourceDate "2007.11.25"]
[SourceVersion "1"]
[SourceVersionDate "2007.11.25"]
[SourceQuality "1"]
[WhiteTeam "Osuske II"]
[BlackTeam "Vrbove"]
[WhiteTeamCountry "SVK"]
[BlackTeamCountry "SVK"]

1. e4 e5 2. Nf3 Nc6 3. d4 exd4 4. Bc4 Bb4+ 5. Bd2 Bxd2+ 6. Qxd2 Qf6 7. Na3 a6 8. 0-0-0 Nge7 9. Nxd4 0-0 10. g4 Nxd4 11. Qxd4 Qf4+ 12. Qd2 Qxg4 13. Rdg1 Qxe4 14. Bd3 Qh4 15. Nc4 Ng6 16. Ne3 d6 17. Kb1 Bd7 18. Nf5 Qf6 19. Ng3 Qf4 20. Qc3 Bc6 21. f3 Qe5 22. Qb3 Bxf3 23. Re1 Qc5 24. Ne4 Qb6 25. Qxb6 cxb6 26. Rhf1 Bg2 27. Rf2 Bxe4 28. Bxe4 Rfe8 29. Rfe2 Rab8 30. Bxg6 Rxe2 31. Bxh7+ Kxh7 32. Rxe2 f5 33. Re7 Kg6 34. Re6+ Kg5 35. Rxd6 f4 36. Kc1 f3 37. Kd2 Re8 38. Rd3 Re2+ 39. Kc3 f2 40. Rf3 Kg4 41. Rf7 Re3+ 42. Kd2 Rf3 43. Rxg7+ Kh3 44. Rh7+ Kg2 45. Rg7+ Kxh2 46. Rh7+ Kg2 47. Rg7+ Rg3 0-1

[Event "SVK-chT3A2 0607"]
[Site "Slovakia"]
[Date "2007.02.25"]
[Round "9"]
[White "Bjel, Jan"]
[Black "Brisudova, Veronika"]
[Result "1/2-1/2"]
[WhiteElo "1350"]
[BlackElo "1664"]
[PlyCount "64"]
[EventDate "2006.10.08"]
[EventType "team-tourn"]
[EventRounds "11"]
[EventCountry "SVK"]
[SourceTitle "EXT 2008"]
[Source "ChessBase"]
[SourceDate "2007.11.25"]
[SourceVersion "1"]
[SourceVersionDate "2007.11.25"]
[SourceQuality "1"]
[WhiteTeam "Vrbove"]
[BlackTeam "Holic"]
[WhiteTeamCountry "SVK"]
[BlackTeamCountry "SVK"]

1. e4 e6 2. d4 d5 3. Nd2 c5 4. Ngf3 Qb6 5. c3 Nc6 6. exd5 exd5 7. Nb3 c4 8. Nbd2 Nf6 9. b3 cxb3 10. Qxb3 Qc7 11. Be2 Be7 12. 0-0 0-0 13. Re1 Be6 14. Bd3 h6 15. Qc2 Bd6 16. a3 Rac8 17. Bb2 Na5 18. h3 Nc4 19. Nxc4 dxc4 20. Bf5 Rce8 21. Nd2 Bd5 22. Ne4 Nxe4 23. Bxe4 Bxe4 24. Rxe4 Rxe4 25. Qxe4 f5 26. Qd5+ Kh8 27. Re1 Bf4 28. Re6 Bg5 29. a4 f4 30. Ba3 Rd8 31. Rd6 Rxd6 32. Bxd6 Qd7 1/2-1/2